header

Hornet Vs Wasp (Record no. 261330)

MARC details
000 -LEADER
fixed length control field 00234nam a22001097a 4500
020 ## - INTERNATIONAL STANDARD BOOK NUMBER
ISBN 9780545451901
100 ## - MAIN ENTRY--AUTHOR NAME
Personal name Jerry Pallota
245 ## - TITLE STATEMENT
Title Hornet Vs Wasp
260 ## - PUBLICATION, DISTRIBUTION, ETC. (IMPRINT)
Place of publication New York
Name of publisher Scholastic
Year of publication 2013
300 ## - PHYSICAL DESCRIPTION
Number of Pages 32 pgs
942 ## - ADDED ENTRY ELEMENTS (KOHA)
Koha item type Long Loan Books
Holdings
Withdrawn status Lost status Collection code Home library Current library Shelving location Date acquired Accession Number Koha item type
    Fiction Rongo University Library Rongo University Library Children's Area 02/11/2023 CL20222418 Long Loan Books

© 2026 Rongo University
Contact us: librarian | system librarian | Rongo university